Biblioteka Instytutu Północnego w Olsztynie

Widok standardowy Widok MARC

Pozycja Personal Name

Liczba rekordów, w których użyto hasła: 1

001 - Numer kontrolny

  • control field: 40806

003 - Identyfikator numeru kontrolnego

  • control field: NUKAT

005 - Data i czas ostatniej modyfikacji

  • control field: 20260428130851.0

008 - Dane kontrolne kodowane (40 znaków)

  • fixed length control field: 030403n||a|znnaabn |a aaa |c

010 ## - Numer kontrolny Biblioteki Kongresu

  • numer kontrolny LC: n 2003032850

040 ## - Instytucja sporządzająca rekord

  • inst. przygot. dane do rek. khw: WR U/al
  • język haseł przedmiotowych/tezaurus: kaba
  • inst. wprow. rek. khw: WR U/al
  • inst. modyf. rek. khw: WA N/PBkk
  • inst. modyf. rek. khw: LUBL KUL/ew

100 1# - Hasło - nazwa osobowa

  • nazwa osobowa w formie ujednoliconej: Wasilewski, Witold
  • daty biograficzne: (1972- ).

670 ## - Źródło informacji

  • źródło informacji: Kp. Wyprawa bukowińska Stanisława Jabłonowskiego w 1685 roku / Witold Wasilewski. - Warszawa, 2002.

670 ## - Źródło informacji

  • źródło informacji: Marian Zdziechowski wobec myśli rosyjskiej XIX i XX wieku / Witold Wasilewski. - Warszawa, 2005.
  • gdzie znaleziono informację: Biogram
Biblioteka Instytutu Północnego, ul. Partyzantów 87, 10-402 Olsztyn, email: biblioteka(at)ip.olsztyn.pl